000 00586nam a2200217Ia 4500
005 20250508165028.0
008 008 250505s9999 xx 000 0 hin d
037 _aTextual
040 _aFEDL
_beng
_cFEDL
041 _ahin
_2eng
084 _a598.29, SHA
_qFEDL
100 _aSharma Shyam Sundar
_9779747
245 0 _aDoor desh ke panchhi
260 _aDelhi, India
_bAviram Prakashan
_c1995
300 _a56p.
365 _aINR
_b60
546 _aMACESE
700 _a Malhotra Ashok Kumar
_9779748
942 _cTEXL
_h598.29, SHA
999 _c1392735
_d1392735